000 00615nam a22001937a 4500
005 20250320152530.0
010 _aENG-144118
020 _a9789389934687
_c1800.00
035 _aEN-127650
037 _bDBAD
082 _a720.1
_25
245 _a5th Edition of International Students Conference Research in Architecture/
_cEdited By Nilesh Pore
250 _a5
260 _aNew Delhi
_bAllied Publishers Pvt Ltd.
_c2024
270 _aA-104, Mayapuri, Phase-II
_bNew Delhi
_e110064
300 _axxi,676p.
_c29cm.(hb)
700 _aPore, Nilesh
_eEditor
_979786
942 _2ddc
_cEN
_h720.1
_mINT
999 _c210400
_d210400